000 01305nam a2200337 c 4500
999 _c51452
_d51452
001 51452
003 ES-MaCES
005 20200123140204.0
008 200122s2017 sp | ||0 | spa d
017 _aM 220647-2017
_bDL
040 _aES-MaCES
_bspa
_cES-MaCES
245 0 3 _aEl sector asegurador como inversor institucional y elemento estabilizador de la economía
_b: panel de seguimiento del sector Asegurador de la Fundación de Estudios Financieros
260 _a[Madrid]
_bFundación de Estudios Financieros
_c2017
300 _a36 p.
_c24 cm
490 1 _aDocumentos de trabajo. Foros de debate de la Fundación
_v12
541 _cGratuito
650 4 _aseguros
_928121
650 4 _asector financiero
_930761
650 4 _ainversión
_928141
650 4 _agarantías de las inversiones
_928142
650 4 _afomento de las inversiones
_928144
650 4 _aconsecuencias económicas
_927082
650 4 _adesarrollo económico
_927093
650 4 _aevaluación del impacto
_930732
650 4 _aEspaña
_926964
653 1 0 _aEconomía
710 2 _aFundación de Estudios Financieros (Madrid)
_eed.
_93793
830 0 _935099
_aDocumentos de trabajo (Fundación de Estudios Financieros (Madrid))
_v12
_nForos de debate
902 _aDOC Literatura gris
942 _2CES
_cBK
_h0.0.